000
00322nam a22001457a 4500
005
20180412170604.0
008
160628b xxu||||| |||| 00| 0 eng d
041
_a
eng
082
_b
10925
_a
348
245
_a
The Payment of bonus Act 1965
260
_b
Current
300
_a
43
650
_a
Management
_9
241
942
_c
BK
999
_c
4447
_d
4446